| 000 | 00460nab a2200145Ia 4500 | ||
|---|---|---|---|
| 003 | ES-SlBCS | ||
| 005 | 20210601134619.0 | ||
| 008 | 140529s1999 xxu||||| |||| 00| 0 spa d | ||
| 041 | _aspa | ||
| 100 | 1 |
_aDi Natale, Remo _9220433 |
|
| 245 | 0 | 0 |
_aReflexiones a partir de Menini sobre la Filosofía de la Historia de Maritain _c Remo Di Natale |
| 600 | 1 | 4 |
_aMenini, Marino _9220406 |
| 773 | 0 |
_tAnthropos _gvol. 20, nº. 38, 1999, págs. 47-62 _wRev38 |
|
| 942 | _cAR | ||
| 999 |
_c615292 _d615292 |
||